| 000 | 00541cam a22002051 4500 | ||
|---|---|---|---|
| 001 | ne 63002710 | ||
| 003 | DLC | ||
| 005 | 20260227111754.0 | ||
| 008 | 890620s1962 xx 000 0 ara | ||
| 010 | _ane 63002710 | ||
| 035 | _a(OCoLC)23487554 | ||
| 040 |
_aDLC _cMiU _dDLC |
||
| 042 | _apremarc | ||
| 050 | 0 | 0 |
_aDT107.83 _b.N363 |
| 100 | 1 |
_aNasser, Gamal Abdel, _d1918-1970. |
|
| 245 | 1 | 0 | _aKhiṭāb al-Raʼīs Jamāl ʻAbd al-Nāṣir fī ʻīd al-ʻilm. |
| 260 | _c[1962. 197] | ||
| 300 |
_a11 p. _c20 cm. |
||
| 500 | _aRomanized. | ||
| 999 |
_c46568 _d46568 |
||